<?xml version="1.0" encoding="UTF-8"?>
<record
    xmlns:xsi="http://www.w3.org/2001/XMLSchema-instance"
    xsi:schemaLocation="http://www.loc.gov/MARC21/slim http://www.loc.gov/standards/marcxml/schema/MARC21slim.xsd"
    xmlns="http://www.loc.gov/MARC21/slim">

  <leader>02152cam a2200277Ia 4500</leader>
  <controlfield tag="001">4393</controlfield>
  <controlfield tag="003">BD-RjUL</controlfield>
  <controlfield tag="005">20211208233902.0</controlfield>
  <controlfield tag="008">131222s1954    nyu     b     000 0 eng d</controlfield>
  <datafield tag="035" ind1=" " ind2=" ">
    <subfield code="a">(BD-RjUL)4428</subfield>
  </datafield>
  <datafield tag="040" ind1=" " ind2=" ">
    <subfield code="a">JDS</subfield>
    <subfield code="c">JDS</subfield>
    <subfield code="d">OCL</subfield>
    <subfield code="d">OCLCG</subfield>
    <subfield code="d">OCLCA</subfield>
    <subfield code="d">OHO</subfield>
    <subfield code="d">LOL</subfield>
    <subfield code="d">BD-RjUL</subfield>
    <subfield code="b">eng</subfield>
  </datafield>
  <datafield tag="041" ind1=" " ind2=" ">
    <subfield code="a">eng</subfield>
  </datafield>
  <datafield tag="082" ind1="0" ind2="4">
    <subfield code="2">16</subfield>
    <subfield code="a">347.9</subfield>
    <subfield code="b">MEJ 1954</subfield>
  </datafield>
  <datafield tag="090" ind1=" " ind2=" ">
    <subfield code="a">KF325.149</subfield>
    <subfield code="b">.M42 1954</subfield>
  </datafield>
  <datafield tag="100" ind1="1" ind2=" ">
    <subfield code="a">Medina, Harold R.</subfield>
    <subfield code="q">(Harold Raymond),</subfield>
    <subfield code="d">1888-1990.</subfield>
    <subfield code="9">13881</subfield>
  </datafield>
  <datafield tag="245" ind1="1" ind2="0">
    <subfield code="a">Judge Medina speaks :</subfield>
    <subfield code="b">a group of addresses /</subfield>
    <subfield code="c">Harrold R. Medina.</subfield>
  </datafield>
  <datafield tag="260" ind1=" " ind2=" ">
    <subfield code="a">Albany :</subfield>
    <subfield code="b">M. Bender,</subfield>
    <subfield code="c">1954.</subfield>
  </datafield>
  <datafield tag="300" ind1=" " ind2=" ">
    <subfield code="a">319 p. ;</subfield>
    <subfield code="c">23 cm.</subfield>
  </datafield>
  <datafield tag="505" ind1="0" ind2="0">
    <subfield code="t">The judge and the judicial administration:</subfield>
    <subfield code="t">Judges as leaders in improving the administration of justice --</subfield>
    <subfield code="t">The work of the administrative office of the United States courts --</subfield>
    <subfield code="t">The selection of judges in New York --</subfield>
    <subfield code="t">Memorial to the late Honorable John Bright --</subfield>
    <subfield code="t">The judge and the lawyer:</subfield>
    <subfield code="t">Courage and independence at the bar --</subfield>
    <subfield code="t">Before ascending the bench -and after --</subfield>
    <subfield code="t">The education of a judge --</subfield>
    <subfield code="t">Equal justice for all --</subfield>
    <subfield code="t">The judge and his job:</subfield>
    <subfield code="t">Some reflections on the judicial function: a personal viewpoint --</subfield>
    <subfield code="t">A new judge tries his first patent case --</subfield>
    <subfield code="t">Public relations of the bench and the bar --</subfield>
    <subfield code="t">Oliver Wendell Holmes, patriot --</subfield>
    <subfield code="t">The judge and education:</subfield>
    <subfield code="t">Why study Latin --</subfield>
    <subfield code="t">The pursuit of happiness --</subfield>
    <subfield code="t">Judicial administration and the law schools --</subfield>
    <subfield code="t">The humanities and individual integrity --</subfield>
    <subfield code="t">Character building -the job of a lifetime --</subfield>
    <subfield code="t">The Princeton class -a study in democracy --</subfield>
    <subfield code="t">Our capacity for growth --</subfield>
    <subfield code="t">The judge and democracy:</subfield>
    <subfield code="t">One hundred percent justice --</subfield>
    <subfield code="t">To the motion picture industry --</subfield>
    <subfield code="t">On unveiling War Memorial at Quogue --</subfield>
    <subfield code="t">Justice -a community job --</subfield>
    <subfield code="t">The judge and his God:</subfield>
    <subfield code="t">The judge and his God -we are not the masters --</subfield>
    <subfield code="t">The spiritual quality of justice --</subfield>
    <subfield code="t">Fragments --</subfield>
    <subfield code="t">Letters to the judge (editor's note).</subfield>
  </datafield>
  <datafield tag="650" ind1=" " ind2="0">
    <subfield code="a">Judges</subfield>
    <subfield code="z">United States.</subfield>
    <subfield code="9">13882</subfield>
  </datafield>
  <datafield tag="650" ind1=" " ind2="0">
    <subfield code="a">Justice, Administration of</subfield>
    <subfield code="z">United States.</subfield>
    <subfield code="9">13883</subfield>
  </datafield>
  <datafield tag="830" ind1=" " ind2="0">
    <subfield code="v">212/112.</subfield>
    <subfield code="9">13892</subfield>
  </datafield>
  <datafield tag="700" ind1="1" ind2=" ">
    <subfield code="a">edited by Maxine Boord Virtue.</subfield>
    <subfield code="9">13885</subfield>
  </datafield>
  <datafield tag="830" ind1=" " ind2="0">
    <subfield code="a">Law books recommended for libraries. </subfield>
    <subfield code="9">11589</subfield>
  </datafield>
  <datafield tag="942" ind1=" " ind2=" ">
    <subfield code="2">ddc</subfield>
    <subfield code="c">BK</subfield>
  </datafield>
  <datafield tag="999" ind1=" " ind2=" ">
    <subfield code="c">4393</subfield>
    <subfield code="d">4393</subfield>
  </datafield>
  <datafield tag="952" ind1=" " ind2=" ">
    <subfield code="0">0</subfield>
    <subfield code="1">0</subfield>
    <subfield code="2">ddc</subfield>
    <subfield code="4">0</subfield>
    <subfield code="7">1</subfield>
    <subfield code="8">NFIC</subfield>
    <subfield code="a">RUCL</subfield>
    <subfield code="b">RUCL</subfield>
    <subfield code="c">Reading</subfield>
    <subfield code="d">1958-02-18</subfield>
    <subfield code="e">U.I.S. Dacca </subfield>
    <subfield code="l">0</subfield>
    <subfield code="o">347.9 MEJ 1954</subfield>
    <subfield code="r">2013-12-22 00:00:00</subfield>
    <subfield code="t">C-1</subfield>
    <subfield code="w">2021-12-08</subfield>
    <subfield code="y">BK</subfield>
  </datafield>
</record>
